000 00456nam a22001817a 4500
999 _c4630
_d4630
003 OSt
005 20181211121918.0
008 181211b ||||| |||| 00| 0 eng d
040 _cDLC
082 _a289.93
_bW670R
100 _aWilliams, Don
245 _aRevival :
_bThe Real Things /
_cBy Don Williams.
260 _aCanada :
_bDon Williams Publication,
_cc1995.
300 _a69 p.:
630 _aRevival
650 _aThe Real Thing
942 _2ddc
_cBK